|
|
|
|
| LEADER |
00000nab a2200000 ar4500 |
| 001 |
vtls009003131 |
| 003 |
SK-MaSNL |
| 005 |
20260319071253.0 |
| 008 |
070411c20070407xo |||||||| 000 b|hun |
| 015 |
|
|
|a SNBRB2007/04
|2 snkbucl
|
| 038 |
|
|
|a SNKBUCL
|
| 040 |
|
|
|a DSZK
|b slo
|c DSZK
|e AACR2
|
| 041 |
0 |
|
|a hun
|
| 044 |
|
|
|a xo
|c SK
|
| 080 |
|
|
|a 264-041.6
|2 1997
|
| 100 |
1 |
|
|a Vrabec, Mária,
|d 1970-
|4 ivr
|4 aut
|9 102331
|
| 245 |
1 |
0 |
|a A csendes gyász és az ujjongó öröm napjai
|b beszélgetés Török Józseffel, a Pázmány Péter Katolikus Egyetem Hittudományi Karának professzorával ...
|c [beszélgetett] Vrabec Mária
|
| 300 |
|
|
|b Fotogr.
|
| 650 |
0 |
7 |
|a Veľká noc
|2 snkbucl
|9 3414
|
| 655 |
|
7 |
|a rozhovory
|2 snkbucl
|9 31831
|
| 700 |
1 |
|
|a Török, József,
|d 1946-
|4 ive
|4 aut
|9 1040429
|
| 773 |
0 |
|
|t Új szó
|g Évf. 60, sz. 81 (7.4.2007), o. 7
|
| 852 |
|
|
|a SNK
|b KIS3GCP
|
| 852 |
|
|
|a DSZK
|b KIS3GCP
|
| 958 |
|
|
|a HU
|
| 999 |
|
|
|c 1751615
|d 1753545
|